000 00894cam a22002411 4500
001 e 25000072
003 DLC
005 20260227111216.0
008 790915s1924 nyuaf 000 0 eng c
010 _ae 25000072
035 _a(OCoLC)5378069
040 _aLibrary, U.S. Bur. of Education
_cOCl
_dOCoLC
_dDLC
042 _apremarc
050 0 0 _aLA339.L6
_bA5 1924
110 2 _aUniversity of the State of New York.
245 0 2 _aA report of the survey of the Lockport school system
_cby the State department of education.
260 _aAlbany,
_bThe University of the state of New York press,
_c1924.
300 _a1 p. l., [5]-199 p. incl tables, diagrs.
_bplates.
_c23 cm.
490 0 _aUniversity of the state of New York bulletin ...
_vno. 809 ... August 1, 1924
500 _aCover-title.
650 0 _aEducational surveys.
650 0 _aPublic schools
_zNew York (State)
_zLockport.
999 _c20740
_d20740